000 00334nam a2200145Ia 4500
008 230718s9999 xx 000 0 und d
041 _aEng.
082 _a340
_bREG-I
100 _aReganiz Arshad Zaman
245 0 _aIslamabad high low
260 _aPakistan
_bIslamabad law
_c2011
300 _a784
650 _aLaw
999 _c28760
_d28760